000
00305nam a22001337a 4500
008
170508b xxu||||| |||| 00| 0 eng d
020
_a
0226131084
041
_a
eng
080
_a
34
100
_a
15
101
_a
SHJ
245
_a
THE CONSTITUTION IN THE SUPREME COURT
_c
CRRUIE , D.P
942
_2
udc
_c
BK
999
_c
13005
_d
13005